| 000 | 00526nam a2200169Ia 4500 | ||
|---|---|---|---|
| 999 |
_c2773 _d2773 |
||
| 020 | _a0-7876-4955-4 | ||
| 082 | _aRR 330.03 ENC; | ||
| 245 | 0 | _aEncyclopedia of national economies | |
| 260 |
_aDetroit _bGale Group _c2002 |
||
| 300 | _a4v. | ||
| 500 | _aContents: Vol.1.Africa(xv, 562p.) - v.2.Americas(xv, 450p.) - v.3.Asia & the Pacific(xv, 732p.) - v.4. Europe(xv, 566p.) | ||
| 504 | _aIncludes index | ||
| 650 | _aEconomics - Encyclopedias | ||
| 700 | _aPendergast, Tom | ||
| 700 | _aPendergast, Sara | ||
| 942 |
_cBK _2ddc |
||